Entry of a Singapore Value-Added Network (VAN) company into the Indian market /
Saved in:
| Main Author: | |
|---|---|
| Format: | Thesis Book |
| Language: | English |
| Published: |
1996.
|
| Subjects: | |
| Tags: |
Add Tag
No Tags, Be the first to tag this record!
|
| LEADER | 00896cam a2200253 a 4500 | ||
|---|---|---|---|
| 001 | u413281 | ||
| 003 | SIRSI | ||
| 008 | 970710s1996 si v 00 1 eng m | ||
| 035 | |a ACD-4659 | ||
| 040 | |a UMM | ||
| 043 | |a a-si--- |a a-ii--- | ||
| 090 | |a HF5548.33 |b Mir | ||
| 100 | 1 | 0 | |a Mirwani, Mohan. |
| 245 | 1 | 0 | |a Entry of a Singapore Value-Added Network (VAN) company into the Indian market / |c by Mohan Mirwani. |
| 260 | |c 1996. | ||
| 300 | |a v, 125 leaves : |b ill. ; |c 30 cm. | ||
| 502 | |a Dissertation (M.Sc.) -- National University of Singapore, 1996. | ||
| 504 | |a Bibliography: leaf 125. | ||
| 650 | 0 | |a Electronic data interchange |z Singapore |x Case studies | |
| 650 | 0 | |a Investments, Foreign |z India. | |
| 650 | 0 | |a International business enterprises |x Management |z India | |
| 948 | |a 10/07/1997 |b 25/11/2000 | ||
| 596 | |a 1 | ||
| 999 | |a HF5548.33 MIR |w LC |c 1 |i A506945328 |l STACKS |m P01UTAMA |r Y |s Y |t TESIS |u 22/10/1997 | ||
